AQA A-Level Othello Quotes Quiz: - Statistics

General Stats
  • This quiz has been taken 39 times
    35 since last reset
  • The average score is 4 of 48
Answer Stats
Answer % Correct
honest Iago
77%
an old black ram is tupping your white ewe
47%
divine Desdemona
30%
reputation, reputation, reputation
27%
i hate the moor
23%
it is the green-eyed monster
23%
gentle Desdemona
20%
put money in thy purse
17%
i do perceive here a divided duty
13%
brave Othello
10%
ocular proof
10%
thou hast enchanted her
10%
villainous whore
10%
have you prayed tonight Desdemon?
7%
i have no wife
7%
i'll tear her to pieces
7%
i think you think i love you
7%
jealous for they are jealous
7%
lay me by my mistress' side
7%
nobody - i myself
7%
of one that loved not wisely but too well
7%
out strumpet
7%
wedding sheets
7%
away at once with love or jealousy
3%
for she had eyes and chose me
3%
frail vow
3%
i am bound to thee forever
3%
i'll pour this pestilence into his ear
3%
i love the Moor to live with him
3%
my wayward husband hath a hundred times woo'd me to steal't
3%
she hath deceived her father and may thee
3%
to fall in love with what she feared to look on?
3%
villain, be sure thou prove my love a whore
3%
when i love thee not, chaos is come again
3%
and out of her own goodness make the net that shall enmesh them all
0%
if after every tempest come such calms
0%
i know not how i lost him
0%
it is silliness to live when to live is torment
0%
i won his daughter
0%
let her have your voice
0%
my lord, you know i love you
0%
she loved me for the dangers i had past and I loved her that she did pity them
0%
she loved thee, cruel Moor
0%
that profit's yet to come 'tween me and you
0%
the more angel she, and you the black devil
0%
the world's a huge thing; it is a great price for a small vice
0%
they eat us hungerly, and when they are full they belch us
0%
with as little a web as this i will ensnare as great a fly as Cassio
0%
No matching quizzes found
Score Distribution
Percent of People with Each Score
Percentile by Number Answered
Your Score History
You have not taken this quiz since the last reset